Yoga cho cuộc sống tinh thần : Yoga tăng cường sinh lực
Enregistré dans:
| Auteur principal: | |
|---|---|
| Format: | Livre |
| Langue: | Undetermined |
| Publié: |
Thành phố Hồ Chí Minh
Trẻ
2004
|
| Sujets: | |
| Tags: |
Ajouter un tag
Pas de tags, Soyez le premier à ajouter un tag!
|
| Thư viện lưu trữ: | Trung tâm Học liệu Trường Đại học Cần Thơ |
|---|
| LEADER | 00621nam a2200205Ia 4500 | ||
|---|---|---|---|
| 001 | CTU_73924 | ||
| 008 | 210402s9999 xx 000 0 und d | ||
| 020 | |b 36000 | ||
| 082 | |a 613.7046 | ||
| 082 | |b V121 | ||
| 100 | |a Nguyễn, Thị Hồng Vân | ||
| 245 | 0 | |a Yoga cho cuộc sống tinh thần : | |
| 245 | 0 | |b Yoga tăng cường sinh lực | |
| 245 | 0 | |c Nguyễn Thị Hồng Vân | |
| 260 | |a Thành phố Hồ Chí Minh | ||
| 260 | |b Trẻ | ||
| 260 | |c 2004 | ||
| 650 | |a Physical fitness,Yoga | ||
| 904 | |i Năm, QHieu | ||
| 980 | |a Trung tâm Học liệu Trường Đại học Cần Thơ | ||